000 00451nam a2200193Ia 4500
001 10673
003 OSt
005 20251114133654.0
008 211022s9999 xx 000 0 und d
020 _a9643063119
040 _cIVS
082 _a760 MES
100 _aMeshki, Saed
245 0 _aGhobad Shiva Iranian Contemporary Graphic Designers 7
260 _aTehran
260 _bYassavoli Publications
260 _c2004
942 _cBK
_2ddc
_n0
999 _c11741
_d11741